000 00382nam a22001577a 4500
003 OSt
005 20240113112429.0
008 170719b xxu||||| |||| 00| 0 eng d
020 _a9788180520785
040 _cSEROSOFT
100 _aPEVZNER,JONES
245 _aAN INTRODUCTION TO BIOINFORMATICS ALGORITHMS
260 _aDELHI
_bANE BOOKS
_c2000
300 _a435
942 _2ddc
_c03
999 _c35896
_d35896